000 00575nam a2200181Ia 4500
008 100920s9999 xx 000 0 und d
082 _b37426
_a24 थ 75
100 _aआपटे वामन शिवराम.
245 _aचिंता का करता.
260 _bसरिता प्रकाशन, पुणे 16.
_c1975
300 _a138
_bसाधी
365 _b8
520 _aसायो.
630 _aचिंता का करता.
650 _aसायो.
730 _aचिंता का करता.
942 _cBOOK
999 _c689990
_d689987